Гоголевские мотивы в языке писателей второй половины XIX века Статья
שמור ב:
| מחבר ראשי: | |
|---|---|
| פורמט: | Статья |
| גישה מקוונת: | https://znanium.com/catalog/document?id=131823 https://znanium.com/cover/0349/349497.jpg |
| תגים: |
הוספת תג
אין תגיות, היה/י הראשונ/ה לתייג את הרשומה!
|
| LEADER | 01050nam0a2200205 i 4500 | ||
|---|---|---|---|
| 001 | RU\infra-m\znanium\bibl\349497 | ||
| 003 | https://znanium.com/catalog/document?id=131823 | ||
| 005 | 20190327000000.0 | ||
| 100 | |a 20190327d2012 m y0rusy0150 ca | ||
| 101 | 0 | |a rus | |
| 102 | |a RU | ||
| 200 | 1 | |a Гоголевские мотивы в языке писателей второй половины XIX века |e Статья | |
| 210 | 1 | |a Курган |c Издательство Курганского государственного университета |d 2008 | |
| 215 | |a 4 с. | ||
| 333 | |a Аспирантура | ||
| 608 | |a Статья |2 local | ||
| 700 | 1 | |a Гаева (Ковалева) |b Е.В. | |
| 801 | 0 | |a RU |b Общество с ограниченной ответственностью «ЗНАНИУМ» |c 20120314 |2 rusmarc | |
| 856 | 4 | |a znanium.com |m ebs_support@infra-m.ru |n НИЦ ИНФРА-М |u https://znanium.com/catalog/document?id=131823 | |
| 856 | 4 | 1 | |a znanium.com |d /cover/0349 |f 349497.jpg |q image/jpeg |u https://znanium.com/cover/0349/349497.jpg |